000 00372nam a2200145Ia 4500
005 20251222142016.0
008 251222s9999||||xx |||||||||||||| ||spa||
020 _a9786124660214
082 _a985.13/R43
100 _aRequena Arriola, Luis Alberto
245 0 _aEl Cementerio San Teodoro
250 _a1ra.ed.
264 _bMunicipio Provincial de Piura
942 _cLIB
999 _c10484
_d10484